000 00621cam a2200157 i 4500
005 20260121122148.0
008 250721s2004 jo gr 000 0 ara d
082 1 4 _a342
_bع ب ا
100 1 _aالعبادي، محمد وليد
_eمؤلف.
245 1 2 _aالوجيز في القضاء الاداري :
_bدراسة قضائية تحليلية مقارنة /
_cالدكتور محمد وليد العبادي.
264 3 1 _aعمان :
_bدار المسار للنشر و التوزيع،
_c2004.
300 _a432 صفحة.
650 1 7 _aالقضاء الإداري.
942 _2ddc
_cBK
999 _c89639
_d89639